Cities in Europe Quiz - Statistics

General Stats
  • This quiz has been taken 44 times
  • The average score is 34 of 45
Answer Stats
Country City % Correct
UK London
100%
France Paris
100%
Spain Madrid
98%
Russia Moscow
95%
Italy Rome
95%
Netherlands Amsterdam
93%
Greece Athens
93%
Spain Barcelona
93%
Germany Berlin
93%
Ireland Dublin
93%
Portugal Lisbon
93%
Czech Republic Prague
93%
Austria Vienna
93%
Hungary Budapest
90%
Germany Munich
90%
Norway Oslo
88%
Italy Milan
85%
Italy Venice
85%
Poland Warsaw
85%
Denmark Copenhagen
83%
UK Manchester
83%
Sweden Stockholm
83%
Vatican City Vatican City
83%
Finland Helsinki
80%
Russia Saint Petersburg
80%
Germany Hamburg
78%
Estonia Tallinn
78%
Switzerland Zurich
78%
Switzerland Bern
75%
UK Birmingham
75%
UK Edinburgh
75%
Malta Valletta
75%
Italy Naples
73%
Ireland Cork
70%
UK Glasgow
70%
UK Liverpool
70%
Italy Florence
63%
Iceland Reykjavik
63%
UK Cardiff
55%
UK Belfast
53%
Spain Bilbao
45%
Italy Pisa
38%
Poland Wroclaw
20%
Spain Toledo
8%
Norway Hammerfest
5%
No matching quizzes found
Score Distribution
Percent of People with Each Score
Percentile by Number Answered
Your Score History
You have not taken this quiz